Las Familias/

Guardat en:
Dades bibliogràfiques
Autor principal: Meler, Irene
Format: Llibre
Idioma:Spanish
Etiquetes: Afegir etiqueta
Sense etiquetes, Sigues el primer a etiquetar aquest registre!

MARC

LEADER 00000nam a22000007a 4500
003 cru CIDCACS/IIS
005 20171130162712.0
007 ta
008 171130s2008 ag |||||r|||||||| 0|spa d
999 |c 40691  |d 40691 
040 |c cru CIDCACS/IIS 
100 1 |9 6183  |a Meler, Irene 
245 1 4 |a Las Familias/  |c Irene Meler 
300 |a páginas 158-188 
773 0 |0 40687  |9 1666  |a Universidad de Ciencias Empresariales y Sociales (UCES), (Argentina)  |d Buenos Aires, Argentina: UCES, 2008  |o 07562  |t Subjetividad y procesos cognitivos, 12:  |x 1666244X 
942 |2 ddc  |c LI